000
00326nam a2200133Ia 4500
008
210312s9999||||xx |||||||||||||| ||und||
041
_a
osm
050
_a
GR280
050
_b
Z9.H35
100
_a
Fahri, Ziyaeddin
245
0
_a
Halk bilgisi toplayıcılara rehber
260
_c
1928
650
_a
Halkbilim--Türkiye--Rehberler
999
_c
22360
_d
22360